Diagnòstic de la situació cultural a Martorell
Publicado:
Barcelona :
Diputació de Barcelona. Àrea de Cultura ; Martorell : Ajuntament de Martorell. Patronat Municipal de Cultura, [2005]
Descripción Física:
93 p. : quadres ; 29 cm
Otros Autores:
Martorell. Patronat de Cultura
MARC
| LEADER | 00000nam a2200000Ia 4500 | ||
|---|---|---|---|
| 001 | 21671 | ||
| 008 | 160829s9999 xx 000 0 cat d | ||
| 080 | |a M-6-218 | ||
| 245 | |a Diagnòstic de la situació cultural a Martorell | ||
| 260 | |a Barcelona : |b Diputació de Barcelona. Àrea de Cultura ; Martorell : |b Ajuntament de Martorell. Patronat Municipal de Cultura, [2005] | ||
| 300 | |a 93 p. : |b quadres ; |c 29 cm | ||
| 651 | 0 | |a Martorell (Catalunya) |x Política cultural |9 55178 | |
| 700 | |a Martorell. Patronat de Cultura |9 45383 | ||
| 710 | 1 | |a Barcelona (Catalunya : Província). |b Àrea de Cultura |9 53536 | |
| 901 | |a Arxiu | ||
| 942 | |n 1 | ||
| 952 | |0 0 |1 0 |4 0 |6 M6218 |7 1 |9 52562 |a Arxiu |b Arxiu |d 2016-12-01 |l 0 |o M-6-218 |p 21671 |r 2016-12-01 00:00:00 |w 2016-12-01 |y ARXIU | ||
| 999 | |c 56411 |d 56411 | ||